00542nam a2200157 a 450000100100000000500170001000800410002704000250006804100130009310000200010624501180012626000320024430000210027650000650029770000220036200003357820200930070348.0110831s1949 xxu 000 0 spa d aDO-SdBNPbspacBNPHU17aenghfre1 aAlexis, Stephen10aBlack liberator :bthe life of Toousaaint Louverture /cStephen Alexis ; Tr. from the French by William Stirling. aNew York :bE. Benn,c1949. a227 p. ;c22 cm. aAn abridgment of Toussaint Louverture, libérateur d'Haiti.1 aStirling, William